[Event "Bundesliga 2022-23"]
[Site "Dresden GER"]
[Date "2023.02.04"]
[Round "5.5"]
[Board "8"]
[White "Tischbierek, Raj"]
[Black "Schulze, Lara"]
[Result "1-0"]
[WhiteTitle "GM"]
[BlackTitle "FM"]
[WhiteElo "2423"]
[BlackElo "2266"]
[WhiteTeam "USV TU Dresden"]
[BlackTeam "SV Werder Bremen"]
[WhiteFideId "4611322"]
[BlackFideId "12956830"]
[EventDate "2022.10.22"]

1. e4 e5 2. Nf3 Nc6 3. g3 Nf6 4. d3 d5 5. exd5 Nxd5 6. Bg2 Be7 7. O-O O-O 8. Re1
f6 9. Nc3 Nxc3 10. bxc3 Kh8 11. Rb1 Rb8 12. d4 Bd6 13. Be3 Bg4 14. h3 Bh5 15. g4
Bf7 16. a4 exd4 17. cxd4 Nb4 18. Bd2 a5 19. Bf1 Bg6 20. Rb2 Qd7 21. Nh4 Qxa4 22.
Nxg6+ hxg6 23. Qb1 Rbe8 24. c3 Rxe1 25. Bxe1 Nd5 26. Bb5 Qa3 27. Rb3 Bh2+ 28.
Kxh2 Qd6+ 29. Kg1 Nf4 30. Bf1 1-0

[Event "Bundesliga 2022-23"]
[Site "Dresden GER"]
[Date "2023.02.04"]
[Round "5.6"]
[Board "1"]
[White "Ivic, Velimir"]
[Black "Schroeder, Jan-Christian"]
[Result "1-0"]
[WhiteTitle "GM"]
[BlackTitle "GM"]
[WhiteElo "2553"]
[BlackElo "2544"]
[WhiteTeam "SK Kirchweyhe"]
[BlackTeam "SF Berlin"]
[WhiteFideId "950122"]
[BlackFideId "24662259"]
[EventDate "2022.10.22"]

1. d4 d5 2. c4 e6 3. Nf3 c5 4. cxd5 exd5 5. g3 Nc6 6. Bg2 Nf6 7. O-O Be7 8. Nc3
O-O 9. Bg5 c4 10. Ne5 Be6 11. e3 Nd7 12. Nxc6 bxc6 13. Bxe7 Qxe7 14. b3 Nb6 15.
Qc2 Qd7 16. Rfe1 Rfe8 17. Rac1 Bf5 18. Qb2 a5 19. Qa3 a4 20. Qc5 Rab8 21. bxa4
Qe6 22. e4 Nd7 23. Qa3 Bh3 24. Bh1 Nf6 25. a5 Ra8 26. Re2 dxe4 27. Nxe4 Nxe4 28.
Rxe4 Qf5 29. Rce1 Rxe4 30. Bxe4 Qf6 31. Qc5 g6 32. Bg2 Bxg2 33. Kxg2 Qd8 34. Re5
Qc7 35. a6 Qd8 36. Qxc4 Ra7 37. Rc5 Qe8 38. Rxc6 Qe4+ 39. f3 Qe1 40. d5 Qd2+ 41.
Kh3 1-0

[Event "Bundesliga 2022-23"]
[Site "Dresden GER"]
[Date "2023.02.04"]
[Round "5.6"]
[Board "2"]
[White "Kraemer, Martin"]
[Black "Brkic, Ante"]
[Result "0-1"]
[WhiteTitle "GM"]
[BlackTitle "GM"]
[WhiteElo "2579"]
[BlackElo "2602"]
[WhiteTeam "SF Berlin"]
[BlackTeam "SK Kirchweyhe"]
[WhiteFideId "4671910"]
[BlackFideId "14506688"]
[EventDate "2022.10.22"]

1. e4 c5 2. Nf3 d6 3. d4 cxd4 4. Nxd4 Nf6 5. Nc3 a6 6. Be3 e5 7. Nb3 Be7 8. f3
Be6 9. Qd2 O-O 10. O-O-O Nbd7 11. g4 b5 12. g5 Nh5 13. Nd5 Bxd5 14. exd5 f6 15.
gxf6 Bxf6 16. Na5 Qe8 17. Nc6 Bd8 18. Nxd8 Qxd8 19. Kb1 Nb6 20. Qf2 Nc4 21. Bc1
Nf4 22. Qe1 Qc7 23. Qe4 Rf7 24. Rg1 Nb6 25. h4 Rc8 26. c3 Nd7 27. Qc2 b4 28. Bd2
Qb6 29. Rg4 a5 30. Qb3 Nc5 31. Qc4 bxc3 32. Bxc3 Rb8 33. Rc1 Qb7 34. Rd1 Rc7 35.
Rxf4 exf4 36. Qxf4 Na4 37. Qxa4 Rxc3 38. b3 Qb4 39. Rd4 Qc5 40. Re4 Rc1+ 41. Kb2
Rc2+ 42. Kb1 Rf8 43. Rc4 Rxc4 44. Bxc4 Rxf3 45. Bd3 Qe3 0-1

[Event "Bundesliga 2022-23"]
[Site "Dresden GER"]
[Date "2023.02.04"]
[Round "5.6"]
[Board "3"]
[White "Markus, Robert"]
[Black "Blohberger, Felix"]
[Result "0-1"]
[WhiteTitle "GM"]
[BlackTitle "GM"]
[WhiteElo "2615"]
[BlackElo "2493"]
[WhiteTeam "SK Kirchweyhe"]
[BlackTeam "SF Berlin"]
[WhiteFideId "921637"]
[BlackFideId "1632051"]
[EventDate "2022.10.22"]

1. d4 d5 2. c4 c6 3. Nf3 Nf6 4. Qb3 dxc4 5. Qxc4 Bf5 6. g3 e6 7. Bg2 Be7 8. O-O
O-O 9. Qb3 Qb6 10. Nbd2 Nbd7 11. Nc4 Qa6 12. Bg5 Rfd8 13. Rfd1 Be4 14. Nfe5 Bxg2
15. Kxg2 h6 16. Bxf6 Bxf6 17. Ng4 Be7 18. a4 Nf6 19. Nge5 Rd5 20. Ne3 Rdd8 21.
N3c4 Rd5 22. Qf3 Rad8 23. e3 c5 24. Rdc1 cxd4 25. e4 Rxe5 26. Nxe5 d3 27. Rc3 d2
28. Rd3 Rc8 29. Rd1 Qxa4 30. R3xd2 Qxe4 31. Qxe4 Nxe4 32. Rd7 Bf6 33. Nd3 Rc2
34. Re1 Nc5 35. Nxc5 Rxc5 36. Rxb7 Rc2 37. Rd1 Rxb2 38. Rxa7 Rb8 39. Rdd7 Rf8
40. Kf3 h5 41. Ke4 g6 42. Kd3 Be5 43. Ra5 Bf6 44. Kc4 Rc8+ 45. Kb5 Bc3 46. Raa7
Rf8 47. Rd3 Be5 48. Kc6 Rb8 49. Rf3 Rf8 50. Ra4 Rd8 51. Ra7 Rf8 52. h3 Bd4 53.
Re7 Kg7 54. Kd7 Bc5 55. Re8 Rxe8 56. Kxe8 f5 57. Kd7 Kf6 58. Kc6 Ba7 59. h4 e5
60. Kd5 e4 61. Ra3 Bxf2 62. Kc4 e3 63. Kd3 Bxg3 64. Ra4 f4 65. Ke2 Kg7 66. Kf3
Kh6 67. Re4 Bxh4 68. Rxf4 Bf2 69. Rf6 h4 70. Re6 h3 71. Re8 Kg5 72. Rh8 Bh4 73.
Re8 h2 74. Kg2 Kf4 75. Kxh2 Kf3 76. Kh3 Bg5 77. Ra8 e2 0-1

[Event "Bundesliga 2022-23"]
[Site "Dresden GER"]
[Date "2023.02.04"]
[Round "5.6"]
[Board "4"]
[White "Kaasen, Tor Fredrik"]
[Black "Stevic, Hrvoje"]
[Result "0-1"]
[WhiteTitle "IM"]
[BlackTitle "GM"]
[WhiteElo "2445"]
[BlackElo "2565"]
[WhiteTeam "SF Berlin"]
[BlackTeam "SK Kirchweyhe"]
[WhiteFideId "1516647"]
[BlackFideId "14502569"]
[EventDate "2022.10.22"]

1. e4 e5 2. Nf3 Nc6 3. Bc4 Nf6 4. d3 h6 5. c3 d6 6. a4 g5 7. Qb3 Qd7 8. a5 Bg7
9. a6 bxa6 10. Bxa6 Rb8 11. Qc2 O-O 12. Nbd2 Nh5 13. Bc4 Nf4 14. g3 d5 15. exd5
Nxd5 16. O-O Nb6 17. Ba2 Kh8 18. Re1 Qg4 19. b4 Bb7 20. Ba3 a6 21. b5 axb5 22.
Bxf8 Rxf8 23. Rab1 b4 24. cxb4 Qh3 25. Re3 f5 26. b5 Nd4 27. Qxc7 f4 28. Qxb7
fxe3 29. Nxd4 exf2+ 30. Kh1 0-1

[Event "Bundesliga 2022-23"]
[Site "Dresden GER"]
[Date "2023.02.04"]
[Round "5.6"]
[Board "6"]
[White "Schmidek, Emil"]
[Black "Kovacevic, Aleksandar"]
[Result "1/2-1/2"]
[WhiteTitle "IM"]
[BlackTitle "GM"]
[WhiteElo "2414"]
[BlackElo "2471"]
[WhiteTeam "SF Berlin"]
[BlackTeam "SK Kirchweyhe"]
[WhiteFideId "12908150"]
[BlackFideId "903124"]
[EventDate "2022.10.22"]

1. d4 Nf6 2. c4 e6 3. Nc3 Bb4 4. Bd2 O-O 5. Nf3 d5 6. e3 b6 7. cxd5 exd5 8. Bd3
Bd6 9. Ne5 c5 10. O-O Bb7 11. Rc1 Nc6 12. Ng4 Ne8 13. dxc5 Bxc5 14. Bb5 Qd6 15.
e4 Nc7 16. exd5 Nd4 17. Ne4 Qd8 18. Nxc5 bxc5 19. Bc6 Bxc6 20. dxc6 Nce6 21. Be3
Qd6 22. Bxd4 Nxd4 23. b4 Rfd8 24. Rxc5 Qe6 25. Ne3 Nxc6 26. Rd5 Qe4 27. a3 Nd4
28. Rxd8+ Rxd8 29. Re1 h6 30. h3 Rd6 31. Qa4 Rg6 32. Kh1 Nf3 33. Rd1 Qf4 34. Nf1
Nh4 35. Qe8+ Kh7 36. Qe3 Nxg2 37. Qxf4 Nxf4 38. Rd7 Ra6 39. Rxf7 Nxh3 40. Rf3
Ng5 41. Re3 Rf6 42. Kg2 Ne6 43. Nd2 Nf4+ 44. Kg3 Nh5+ 45. Kg2 Nf4+ 46. Kg3 Nh5+ 1/2-1/2

[Event "Bundesliga 2022-23"]
[Site "Dresden GER"]
[Date "2023.02.04"]
[Round "5.6"]
[Board "7"]
[White "Palac, Mladen"]
[Black "Kristoferitsch, Daniel"]
[Result "1/2-1/2"]
[WhiteTitle "GM"]
[BlackTitle "FM"]
[WhiteElo "2516"]
[BlackElo "2283"]
[WhiteTeam "SK Kirchweyhe"]
[BlackTeam "SF Berlin"]
[WhiteFideId "14500116"]
[BlackFideId "1642650"]
[EventDate "2022.10.22"]

1. e4 c5 2. Nf3 e6 3. c3 d5 4. exd5 Qxd5 5. d4 Nf6 6. Na3 Nc6 7. Be3 cxd4 8. Nb5
Qd8 9. Nbxd4 Nxd4 10. Bxd4 Bd6 11. Bd3 Qc7 12. O-O Bd7 13. Re1 Bc5 14. Be5 Bd6
15. Bxd6 Qxd6 16. Ne5 Qc7 17. Qf3 Bc6 18. Qg3 O-O 19. Ng4 Qxg3 20. Nxf6+ gxf6
21. hxg3 Rfd8 22. Rad1 Rd7 23. Bc2 Rad8 24. Rxd7 Rxd7 25. Rd1 Rxd1+ 26. Bxd1 b6
27. g4 Be4 28. f3 Bb1 29. a3 e5 30. Kf2 f5 31. gxf5 Bxf5 32. Ke3 f6 33. Be2 h6
34. c4 a5 35. b4 axb4 36. axb4 1/2-1/2

[Event "Bundesliga 2022-23"]
[Site "Dresden GER"]
[Date "2023.02.04"]
[Round "5.6"]
[Board "8"]
[White "Brettschneider, Stefan"]
[Black "Zelcic, Robert"]
[Result "0-1"]
[WhiteTitle "FM"]
[BlackTitle "GM"]
[WhiteElo "2281"]
[BlackElo "2495"]
[WhiteTeam "SF Berlin"]
[BlackTeam "SK Kirchweyhe"]
[WhiteFideId "4615778"]
[BlackFideId "14500310"]
[EventDate "2022.10.22"]

1. e4 c6 2. d3 d5 3. Nd2 e5 4. Ngf3 Bd6 5. g3 Nf6 6. Bg2 O-O 7. O-O Bc7 8. h3 h6
9. Nh4 a5 10. a4 Na6 11. Nb3 dxe4 12. dxe4 Qxd1 13. Rxd1 Be6 14. Be3 Nb4 15.
Rdc1 Nxc2 16. Rxc2 Bxb3 17. Rc3 Be6 18. Bc5 Rfd8 19. Nf5 Rd2 20. b4 axb4 21.
Bxb4 Ba5 22. Bxa5 Rxa5 23. Rb1 Ra7 24. Ra3 g6 25. Ne3 Rd4 26. a5 Nxe4 27. Nc2
Rc4 28. Nb4 Nd2 29. Rd1 Rxb4 30. Rxd2 Rb5 31. Rd8+ Kg7 32. Rb8 Bd5 33. h4 h5 34.
Ra1 Raxa5 35. Rxa5 Rxa5 36. Rxb7 Ra1+ 37. Kh2 Rc1 38. Rc7 Bxg2 39. Kxg2 Rc3 40.
Kf1 Rc2 0-1

[Event "Bundesliga 2022-23"]
[Site "Remagen GER"]
[Date "2023.02.04"]
[Round "5.7"]
[Board "1"]
[White "Van Foreest, Jorden"]
[Black "Parligras, Mircea-Emilian"]
[Result "1-0"]
[WhiteTitle "GM"]
[BlackTitle "GM"]
[WhiteElo "2694"]
[BlackElo "2560"]
[WhiteTeam "SG Solingen"]
[BlackTeam "SC Remagen Sinzig"]
[WhiteFideId "1039784"]
[BlackFideId "1204297"]
[EventDate "2022.10.22"]

1. Nf3 d5 2. d4 Nf6 3. g3 c5 4. Bg2 cxd4 5. O-O e6 6. Nxd4 e5 7. Nb3 Be6 8. Nc3
Nc6 9. Bg5 d4 10. Ne4 Be7 11. Bxf6 Bxf6 12. Nbc5 Bc8 13. Nxf6+ Qxf6 14. c3 dxc3
15. Ne4 Qg6 16. Nxc3 O-O 17. Rc1 Bf5 18. Qa4 Rac8 19. Qb5 Rc7 20. Rfd1 Qe6 21.
Bxc6 Rxc6 22. Qxb7 Rb6 23. Qxa7 Rxb2 24. Qc7 h5 25. a4 Kh7 26. Rd6 Qc8 27. Rc6
Qa8 28. Rc4 f6 29. Qc6 Qxc6 30. Rxc6 Ra8 31. Rc7 Ra5 32. f3 Kg6 33. Kf2 Bc2 34.
Rg1 Bxa4 35. g4 h4 36. Ra1 Rb4 37. Nd1 Ra8 38. Ne3 Rh8 39. h3 Rd4 40. Rxg7+ Kxg7
41. Nf5+ Kg6 42. Nxd4 Bd7 43. Nc2 Rb8 44. Ra7 Rb2 45. Rc7 Bb5 46. f4 f5 47. fxe5
fxg4 48. hxg4 h3 49. Nd4 h2 50. Rc1 Kg5 51. Rh1 Kxg4 52. Rxh2 Ba4 53. Ke3 Kg5
54. Rg2+ Kh6 55. Rg8 Kh7 56. Ra8 Rb4 57. e6 Kg7 58. e7 Kf7 59. Nf5 Bd7 60. e8=Q+
Bxe8 61. Nd6+ Ke7 62. Nxe8 Rc4 63. Ng7 Rc5 64. Kd4 1-0

[Event "Bundesliga 2022-23"]
[Site "Remagen GER"]
[Date "2023.02.04"]
[Round "5.7"]
[Board "2"]
[White "Plat, Vojtech"]
[Black "Ragger, Markus"]
[Result "1/2-1/2"]
[WhiteTitle "GM"]
[BlackTitle "GM"]
[WhiteElo "2546"]
[BlackElo "2632"]
[WhiteTeam "SC Remagen Sinzig"]
[BlackTeam "SG Solingen"]
[WhiteFideId "325740"]
[BlackFideId "1610856"]
[EventDate "2022.10.22"]

1. e4 e5 2. Nf3 Nc6 3. d4 exd4 4. Nxd4 Nf6 5. Nc3 Bb4 6. Nxc6 bxc6 7. Bd3 d5 8.
exd5 O-O 9. O-O cxd5 10. Bg5 c6 11. Qf3 Bd6 12. Ne2 Bg4 13. Bxf6 Bxf3 14. Bxd8
Bxe2 15. Bxe2 Rfxd8 16. Rad1 Be5 17. b3 Bc3 18. Rd3 d4 19. Rf3 Kf8 20. Bc4 Rd7 1/2-1/2

[Event "Bundesliga 2022-23"]
[Site "Remagen GER"]
[Date "2023.02.04"]
[Round "5.7"]
[Board "3"]
[White "Tari, Aryan"]
[Black "Pavlidis, Antonios"]
[Result "1/2-1/2"]
[WhiteTitle "GM"]
[BlackTitle "GM"]
[WhiteElo "2656"]
[BlackElo "2550"]
[WhiteTeam "SG Solingen"]
[BlackTeam "SC Remagen Sinzig"]
[WhiteFideId "1510045"]
[BlackFideId "4212312"]
[EventDate "2022.10.22"]

1. c4 e5 2. g3 Nc6 3. Bg2 g6 4. d3 Bg7 5. Nc3 d6 6. Rb1 a5 7. e3 Bd7 8. a3 Nf6
9. Nge2 O-O 10. b3 Qc8 11. h3 h6 12. Bb2 Ne7 13. Rc1 Nh7 14. d4 Re8 15. Qd2 Ng5
16. h4 Nh7 17. dxe5 dxe5 18. Nd5 Nxd5 19. cxd5 Nf6 20. Nc3 Ra6 21. O-O e4 22. a4
Rb6 23. Qc2 Bh3 24. Nb5 Bxg2 25. Kxg2 Nxd5 26. Bxg7 Kxg7 27. Rfd1 Qf5 28. Rxd5
Qxd5 29. Nxc7 Qe5 30. Nxe8+ Qxe8 31. Qc3+ Rf6 32. Qxa5 Qe6 33. Qb5 Qg4 34. Rc2
g5 35. hxg5 hxg5 36. Qe2 Qf5 37. Rc1 Rh6 38. g4 Qe6 39. Rc5 Kg6 40. f4 gxf4 41.
exf4 Qxb3 42. Qxe4+ Kg7 43. Qd4+ Kh7 44. Qe4+ Kg7 45. Rh5 Rxh5 46. gxh5 Qd1 47.
Qe5+ Kg8 48. a5 Qg4+ 49. Kf2 Kh7 50. Ke3 Qg1+ 51. Ke4 Qb1+ 52. Kd4 b6 53. a6
Qa1+ 54. Ke4 Qxa6 55. Qf5+ Kg8 56. Qg5+ Kh7 57. Qf5+ Kg8 1/2-1/2

[Event "Bundesliga 2022-23"]
[Site "Remagen GER"]
[Date "2023.02.04"]
[Round "5.7"]
[Board "4"]
[White "Burg, Twan"]
[Black "L'Ami, Erwin"]
[Result "1/2-1/2"]
[WhiteTitle "GM"]
[BlackTitle "GM"]
[WhiteElo "2511"]
[BlackElo "2617"]
[WhiteTeam "SC Remagen Sinzig"]
[BlackTeam "SG Solingen"]
[WhiteFideId "1010697"]
[BlackFideId "1007998"]
[EventDate "2022.10.22"]

1. e4 e5 2. Nf3 Nc6 3. Nc3 Nf6 4. d4 exd4 5. Nxd4 Bb4 6. Nxc6 bxc6 7. Bd3 d5 8.
Bd2 O-O 9. O-O Rb8 10. Re1 Ng4 11. h3 Ne5 12. exd5 Nxd3 13. cxd3 cxd5 14. Qc1
Be6 15. Na4 Qh4 16. b3 Bd6 17. Bg5 Qd4 18. Qe3 c5 19. Rac1 Rfc8 20. Qxd4 cxd4
21. Rxc8+ Rxc8 22. Rc1 f6 23. Rxc8+ Bxc8 24. Bc1 Bd7 25. Bb2 Bxa4 26. bxa4 Bc5
27. f4 f5 28. g4 Kf7 29. Kf2 Kg6 30. Kg3 a6 31. Ba1 h5 32. Bb2 hxg4 33. hxg4 Kf6
34. Ba1 g6 35. Bb2 Ke6 36. Ba1 Kd7 37. Bb2 Kc6 38. gxf5 gxf5 39. Kh4 Kd7 40. Kg5
Ke6 41. Kg6 Bd6 42. Kg5 Be7+ 43. Kg6 Bd6 44. Kg5 Be7+ 1/2-1/2

[Event "Bundesliga 2022-23"]
[Site "Remagen GER"]
[Date "2023.02.04"]
[Round "5.7"]
[Board "5"]
[White "Warmerdam, Max"]
[Black "Swinkels, Robin"]
[Result "1/2-1/2"]
[WhiteTitle "GM"]
[BlackTitle "GM"]
[WhiteElo "2612"]
[BlackElo "2513"]
[WhiteTeam "SG Solingen"]
[BlackTeam "SC Remagen Sinzig"]
[WhiteFideId "1048104"]
[BlackFideId "1010824"]
[EventDate "2022.10.22"]

1. e4 e5 2. Nf3 Nc6 3. Bb5 Nf6 4. O-O Nxe4 5. Re1 Nd6 6. Bf1 Be7 7. Nc3 e4 8.
Nxe4 Nxe4 9. Rxe4 d5 10. Re1 O-O 11. d4 Bg4 12. c3 Qd7 13. h3 Bh5 14. a4 Rfe8
15. a5 a6 16. Ne5 Nxe5 17. Qxh5 Ng6 18. g3 c6 19. Bd2 Bf6 20. Bd3 Rxe1+ 21. Rxe1
Re8 22. Rd1 Nf8 23. h4 Qd8 24. b4 g6 25. Qf3 Ne6 26. Kg2 Bg7 27. Rh1 Qf6 28. Qd1
h5 29. f4 Bh6 30. Re1 Ng7 31. Re5 Qd6 32. Qe2 Kf8 33. Qf2 Kg8 34. c4 dxc4 35.
Bxc4 Rd8 36. Qe2 Nf5 37. Re8+ Bf8 38. Bc3 Rxe8 39. Qxe8 Qe7 40. Qxe7 Bxe7 41.
Kf3 Bf6 42. Bd3 Ne7 43. Ke4 Nf5 44. Kf3 Ne7 45. Ke4 Kf8 46. Be1 Nf5 47. Bf2 Ke7
48. Bc2 Ke8 49. d5 Nd6+ 50. Kd3 cxd5 51. Bb3 Nc4 52. Bd4 Be7 53. Bxc4 dxc4+ 54.
Kxc4 Kd7 55. Bc5 Bf6 56. Bd4 Bxd4 57. Kxd4 Kd6 58. Ke4 Ke6 59. Kd4 Kd6 60. Ke4
Ke6 1/2-1/2

[Event "Bundesliga 2022-23"]
[Site "Remagen GER"]
[Date "2023.02.04"]
[Round "5.7"]
[Board "6"]
[White "Cyborowski, Lukasz"]
[Black "Van Wely, Loek"]
[Result "1/2-1/2"]
[WhiteTitle "GM"]
[BlackTitle "GM"]
[WhiteElo "2490"]
[BlackElo "2629"]
[WhiteTeam "SC Remagen Sinzig"]
[BlackTeam "SG Solingen"]
[WhiteFideId "1108760"]
[BlackFideId "1000268"]
[EventDate "2022.10.22"]

1. e4 c5 2. Nf3 d6 3. d4 cxd4 4. Qxd4 Nf6 5. Bb5+ Bd7 6. c4 g6 7. Nc3 Bg7 8. O-O
O-O 9. Qd3 a6 10. Bxd7 Nbxd7 11. h3 Nc5 12. Qe2 Nfd7 13. Bd2 b5 14. b4 Na4 15.
Rac1 Nxc3 16. Bxc3 Qb6 17. Bxg7 Kxg7 18. e5 dxe5 19. Nxe5 Qe6 20. Rfe1 Qxe5 21.
Qxe5+ Nxe5 22. Rxe5 Kf6 23. Rc5 Rfd8 24. Rc3 Rd1+ 25. Kh2 Rd2 26. Rf3+ Kg7 27.
a3 bxc4 28. Rxc4 Ra7 29. Rc5 Rad7 30. g4 R7d6 31. Kg3 Re6 32. Rcc3 g5 33. Rce3
Rxe3 34. Rxe3 e6 35. Re5 1/2-1/2

[Event "Bundesliga 2022-23"]
[Site "Remagen GER"]
[Date "2023.02.04"]
[Round "5.7"]
[Board "7"]
[White "Predojevic, Borki"]
[Black "Jaracz, Pawel"]
[Result "1/2-1/2"]
[WhiteTitle "GM"]
[BlackTitle "GM"]
[WhiteElo "2584"]
[BlackElo "2463"]
[WhiteTeam "SG Solingen"]
[BlackTeam "SC Remagen Sinzig"]
[WhiteFideId "930849"]
[BlackFideId "1102222"]
[EventDate "2022.10.22"]

1. e4 c6 2. d4 d5 3. e5 Bf5 4. h4 a6 5. Ne2 c5 6. dxc5 e6 7. Nd4 Bxc5 8. Nxf5
exf5 9. Bd3 Ne7 10. Nd2 Nbc6 11. Nf3 O-O 12. O-O Qc7 13. Re1 Rfe8 14. h5 Qb6 15.
Re2 Qb4 16. h6 gxh6 17. Qd2 Ng6 18. Bxf5 Ncxe5 19. Nxe5 Nxe5 20. Qxb4 Bxb4 21.
Kf1 Kg7 22. Be3 Nc4 23. Bd4+ Kg8 24. Rd1 Rxe2 25. Kxe2 Re8+ 26. Kf3 Bf8 1/2-1/2

[Event "Bundesliga 2022-23"]
[Site "Remagen GER"]
[Date "2023.02.04"]
[Round "5.7"]
[Board "8"]
[White "Geirnaert, Steven"]
[Black "Handke, Florian"]
[Result "1-0"]
[WhiteTitle "IM"]
[BlackTitle "GM"]
[WhiteElo "2399"]
[BlackElo "2526"]
[WhiteTeam "SC Remagen Sinzig"]
[BlackTeam "SG Solingen"]
[WhiteFideId "203866"]
[BlackFideId "4634527"]
[EventDate "2022.10.22"]

1. d4 Nf6 2. c4 g6 3. f3 d5 4. cxd5 Nxd5 5. e4 Nb6 6. Nc3 Bg7 7. Be3 O-O 8. Qd2
e5 9. d5 c6 10. h4 cxd5 11. exd5 N8d7 12. h5 Nf6 13. hxg6 fxg6 14. O-O-O Bd7 15.
d6 Rc8 16. Kb1 e4 17. fxe4 Ng4 18. Bg5 Qe8 19. Nf3 Rf7 20. Qe1 Rxc3 21. bxc3 Qc8
22. e5 Na4 23. Rd4 b5 24. Bd2 Rxf3 25. gxf3 Nxe5 26. Qe3 h5 27. Rhh4 a5 28. Rhe4
Nc4 29. Rxc4 bxc4 30. Bxc4+ Kh8 31. Kc1 Qc6 32. Re8+ Bxe8 33. Qe6 1-0

[Event "Bundesliga 2022-23"]
[Site "Remagen GER"]
[Date "2023.02.04"]
[Round "5.8"]
[Board "1"]
[White "Navara, David"]
[Black "Mamedyarov, Shakhriyar"]
[Result "1/2-1/2"]
[WhiteTitle "GM"]
[BlackTitle "GM"]
[WhiteElo "2676"]
[BlackElo "2747"]
[WhiteTeam "SV Muelheim Nord"]
[BlackTeam "SC Viernheim"]
[WhiteFideId "309095"]
[BlackFideId "13401319"]
[EventDate "2022.10.22"]

1. d4 Nf6 2. c4 e6 3. Nf3 d5 4. Nc3 Bb4 5. Qa4+ Nc6 6. e3 O-O 7. Qc2 Re8 8. Bd2
a6 9. a3 Bd6 10. h3 Bd7 11. Rd1 e5 12. cxd5 exd4 13. dxc6 dxc3 14. cxd7 cxd2+
15. Nxd2 Qxd7 16. Be2 Qe7 17. Nc4 Bc5 18. Bf3 c6 19. b4 Ba7 20. O-O Rad8 21.
Rxd8 Rxd8 22. Rd1 g6 23. g3 Ne8 24. Rxd8 Qxd8 25. Kg2 Nd6 26. a4 Nxc4 1/2-1/2

[Event "Bundesliga 2022-23"]
[Site "Remagen GER"]
[Date "2023.02.04"]
[Round "5.8"]
[Board "2"]
[White "Abdusattorov, Nodirbek"]
[Black "Nguyen, Thai Dai Van"]
[Result "1-0"]
[WhiteTitle "GM"]
[BlackTitle "GM"]
[WhiteElo "2713"]
[BlackElo "2634"]
[WhiteTeam "SC Viernheim"]
[BlackTeam "SV Muelheim Nord"]
[WhiteFideId "14204118"]
[BlackFideId "358878"]
[EventDate "2022.10.22"]

1. e4 e5 2. Nf3 Nc6 3. Bb5 a6 4. Ba4 Nf6 5. O-O Be7 6. d3 b5 7. Bb3 O-O 8. Nc3
d6 9. a3 Na5 10. Ba2 Be6 11. Bxe6 fxe6 12. b4 Nc6 13. Qe1 Qd7 14. Ne2 a5 15. Bd2
axb4 16. axb4 d5 17. Ng3 Rxa1 18. Qxa1 Bxb4 19. Nxe5 Qd6 20. Bf4 g5 21. Nh5 Nxh5
22. Nf7 Kxf7 23. Bxd6 Bxd6 24. Qc3 Nb8 25. e5 b4 26. Qa1 Be7 27. Qa7 Nf4 28.
Qxc7 Na6 29. Qb6 Nc5 30. g3 Ng6 31. d4 Na4 32. Qc6 Nc3 33. Kg2 Ne2 34. Rd1 g4
35. h4 h5 36. Kf1 Nc3 37. Ra1 Re8 38. Ra7 Ne4 39. Ke1 Rb8 40. Qc7 Rb5 41. Ra8 b3
42. Qc8 1-0

[Event "Bundesliga 2022-23"]
[Site "Remagen GER"]
[Date "2023.02.04"]
[Round "5.8"]
[Board "3"]
[White "Fridman, Daniel"]
[Black "Kryvoruchko, Yuriy"]
[Result "0-1"]
[WhiteTitle "GM"]
[BlackTitle "GM"]
[WhiteElo "2603"]
[BlackElo "2658"]
[WhiteTeam "SV Muelheim Nord"]
[BlackTeam "SC Viernheim"]
[WhiteFideId "11600454"]
[BlackFideId "14109182"]
[EventDate "2022.10.22"]

1. d4 Nf6 2. c4 e6 3. g3 d5 4. Bg2 Be7 5. Nf3 O-O 6. Nc3 dxc4 7. Ne5 c5 8. dxc5
Qxd1+ 9. Nxd1 Bxc5 10. Nxc4 Nc6 11. Nc3 Rd8 12. Bg5 h6 13. Bxf6 gxf6 14. O-O Bd7
15. Ne4 Be7 16. Ned6 Rab8 17. Rfd1 b5 18. Nxb5 Ne5 19. Nbd6 Nxc4 20. Nxc4 Bb5
21. Rxd8+ Rxd8 22. Rc1 Rd4 23. Ne3 Ra4 24. Rc7 Kf8 25. a3 Bxe2 26. Bf1 Bxf1 27.
Kxf1 Bd8 28. Rc6 Rd4 29. Ke2 f5 30. Rc8 Ke7 31. Ra8 a5 32. b3 Rd7 33. Rb8 h5 34.
Nc4 Rd4 35. Rb7+ Kf6 36. f4 Be7 37. Ne5 Rd6 38. Ra7 Rd5 39. a4 Rd4 40. Rxa5 Bd6
41. Nc4 0-1

[Event "Bundesliga 2022-23"]
[Site "Remagen GER"]
[Date "2023.02.04"]
[Round "5.8"]
[Board "4"]
[White "Korobov, Anton"]
[Black "Beerdsen, Thomas"]
[Result "1-0"]
[WhiteTitle "GM"]
[BlackTitle "IM"]
[WhiteElo "2672"]
[BlackElo "2521"]
[WhiteTeam "SC Viernheim"]
[BlackTeam "SV Muelheim Nord"]
[WhiteFideId "14105730"]
[BlackFideId "1030108"]
[EventDate "2022.10.22"]

1. d4 d5 2. c4 c6 3. Nf3 Nf6 4. Nbd2 Bf5 5. Nh4 Be4 6. e3 e6 7. Be2 Nbd7 8. O-O
Bd6 9. g3 O-O 10. b3 Qe7 11. Bb2 a5 12. a3 h6 13. Nxe4 Nxe4 14. Qc2 Rfc8 15. Bd3
Nef6 16. c5 Bc7 17. f4 b6 18. b4 Rcb8 19. Bc3 Qd8 20. Nf3 axb4 21. axb4 bxc5 22.
dxc5 Qe8 23. Nd4 Nf8 24. Rxa8 Rxa8 25. b5 cxb5 26. Nxb5 Rc8 27. Nxc7 Rxc7 28.
Be5 Rc8 29. Ba6 Rc6 30. Bb5 Qc8 31. Bxc6 Qxc6 32. Bxf6 gxf6 33. Rc1 Kg7 34. h3
Nd7 35. Kh2 f5 36. Qb2+ Nf6 37. Rc2 Kg6 38. Qb6 Qa4 39. Rg2 d4 40. exd4 Qxd4 41.
Qd6 Qb4 42. g4 fxg4 43. hxg4 Ne4 44. Qd3 f5 45. gxf5+ Kxf5 46. Re2 1-0

[Event "Bundesliga 2022-23"]
[Site "Remagen GER"]
[Date "2023.02.04"]
[Round "5.8"]
[Board "5"]
[White "Zelbel, Patrick"]
[Black "Anton Guijarro, David"]
[Result "0-1"]
[WhiteTitle "IM"]
[BlackTitle "GM"]
[WhiteElo "2456"]
[BlackElo "2655"]
[WhiteTeam "SV Muelheim Nord"]
[BlackTeam "SC Viernheim"]
[WhiteFideId "24624322"]
[BlackFideId "2285525"]
[EventDate "2022.10.22"]

1. e4 c6 2. Nc3 d5 3. Nf3 Bg4 4. h3 Bxf3 5. Qxf3 e6 6. Be2 Bc5 7. O-O Nd7 8.
exd5 cxd5 9. Qg3 Ngf6 10. Qxg7 Rg8 11. Qh6 d4 12. Na4 Bd6 13. Qh4 Ne5 14. Kh1
Bc7 15. d3 Ng6 16. Qg5 Qd6 17. f4 Nd5 18. c4 h6 19. Qg3 Nde7 20. Qe1 Nf5 21. Bg4
Ngh4 22. Bxf5 Nxf5 23. Rf3 Qc6 24. b3 O-O-O 25. Kh2 Rg6 26. Qe4 Rdg8 27. Rf2 Nh4
28. g4 h5 29. Qxc6 bxc6 30. Bd2 hxg4 31. hxg4 Rxg4 32. Kh1 Nf3 0-1